Sistem Pemerintahan Indonesia (Record no. 23033)

000 -LEADER
fixed length control field 00375nam a2200133Ia 4500
020 ## - INTERNATIONAL STANDARD BOOK NUMBER
ISBN 978-979-518-550-5
084 ## - OTHER CLASSIFICATION OF CALL NUMBER
Call Number (Nomor Katalog) 128-0207 SYA Gov Bo.1
100 ## - MAIN ENTRY--AUTHOR NAME
Personal name (Pengarang) Inu Kencana Syafi'ie
245 #0 - TITLE STATEMENT
Sub Title (Anak Judul) Sistem Pemerintahan Indonesia
260 ## - PUBLICATION, DISTRIBUTION, ETC. (IMPRINT)
Place of publication (Tempat Terbit/Kota) Jakarta
Name of publisher (Nama Penerbit) Rineka Cipta
Year of publication (Tahun Terbit) 2011
300 ## - PHYSICAL DESCRIPTION
Number of Pages (Jumlah Halaman) i-x + 140 hlm
650 ## - SUBJECT ADDED ENTRY--TOPICAL TERM
Topical Term (Topik 1) Government, Pemerintahan
Relator term (Topik 2) G-O-V
Form subdivision (Topik 3) Sistem Pemerintahan
942 ## - ADDED ENTRY ELEMENTS (KOHA)
Koha item type Books (Buku)
Holdings
Withdrawn status Lost status Damaged status Not for loan Permanent Location (Lokasi Permanen) Current Location (Lokasi Sekarang) Shelving location (Lokasi Rak) Date acquired Cost, normal purchase price (Harga Buku) Full call number (Nomor Katalog) Barcode Copy number (Jumlah Eksemplar) Price effective from Koha item type (Jenis Koleksi) Public note (Keterangan)
        Fisip Unmul Main Library Fisip Unmul Main Library Bookshelf 07/17/2023 7.00 128-0207 SYA Gov Bo.1 128020701 2 07/17/2023 Books (Buku) Sumbangan Dari Joko Susilo Mahasiswa PS Ilmu Pemerintahan
        Fisip Unmul Main Library Fisip Unmul Main Library Bookshelf 07/17/2023   128-0207 SYA Gov Bo.1 128020702   07/17/2023 Books (Buku) Sumbangan Dari Joko Susilo Mahasiswa PS Ilmu Pemerintahan
        Fisip Unmul Main Library Fisip Unmul Main Library   11/04/2024   128-0207 SYA Gov Bo.1 128020703   11/04/2024 Books (Buku)